| 000 -LEADER |
| fixed length control field |
00397nam a22001217a 4500 |
| 040 ## - CATALOGING SOURCE |
| Transcribing agency |
HS |
| 082 ## - DEWEY DECIMAL CLASSIFICATION NUMBER |
| Classification number |
554 |
| 100 ## - MAIN ENTRY--AUTHOR NAME |
| Personal name |
IAN G. BAIRD |
| 245 ## - TITLE STATEMENT |
| Title |
The Kavet and the Kreung : observations of livelihoods and natural resources in two highlander villages in the districts of Veun Say and Ta Veng, Ratanakhiri Province, Cambodia |
| 260 ## - PUBLICATION, DISTRIBUTION, ETC. (IMPRINT) |
| Place of publication |
Cambodia |
| Name of publisher |
IAN G. BAIRD |
| Year of publication |
NA |
| 300 ## - PHYSICAL DESCRIPTION |
| Number of Pages |
88p; |
| 942 ## - ADDED ENTRY ELEMENTS (KOHA) |
| Koha item type |
សៀវភៅភាសាអង់គ្លេស |
| 952 ## - LOCATION AND ITEM INFORMATION (KOHA) |
| Withdrawn status [LOCAL, KOHA] |
0 |
| 952 ## - LOCATION AND ITEM INFORMATION (KOHA) |
| Withdrawn status [LOCAL, KOHA] |
0 |
| 952 ## - LOCATION AND ITEM INFORMATION (KOHA) |
| Withdrawn status [LOCAL, KOHA] |
0 |